000 01404nam a2200325 a 4500
001 ebr10400675
003 CaPaEBR
006 m u
007 cr cn|||||||||
008 100720s2010 enk sb 001 0 eng d
020 _z9780857241252
020 _z9780857241269 (e-book)
040 _aCaPaEBR
_cCaPaEBR
035 _a(OCoLC)733240534
050 1 4 _aHF5549.A2
_bR43 2010eb
245 0 0 _aResearch in personnel and human resources management
_h[electronic resource] /
_cedited by Hui Liao, Joseph J. Martocchio and Aparna Joshi.
260 _aBingley, United Kingdom :
_bEmerald Group Publishing Limited,
_cc2010.
300 _aviii, 247 p.
490 1 _aResearch in personnel and human resources management,
_x0742-7301 ;
_vv. 29
504 _aIncludes bibliographical references and index.
533 _aElectronic reproduction.
_bPalo Alto, Calif. :
_cebrary,
_d2011.
_nAvailable via World Wide Web.
_nAccess may be limited to ebrary affiliated libraries.
650 0 _aPersonnel management
_vPeriodicals.
655 7 _aElectronic books.
_2local
700 1 _aLiao, Hui.
700 1 _aMartocchio, Joseph J.
700 1 _aJoshi, Aparna.
710 2 _aebrary, Inc.
830 0 _aResearch in personnel and human resources management ;
_vv. 29.
856 4 0 _uhttp://site.ebrary.com/lib/rucke/Doc?id=10400675
_zAn electronic book accessible through the World Wide Web; click to view
999 _c202250
_d202250